Educación cívica 10 (Registro nro. 323)
[ vista simple ]
| 000 -CABECERA | |
|---|---|
| campo de control de longitud fija | 00566aam a2200229 4500 |
| 005 - FECHA Y HORA DE ACTUALIZACIÓN | |
| campo de control | 20231012172916.0 |
| 008 - LONGITUD FIJA | |
| campo de control de longitud fija | 150723b2007 xxu||||| |||| 00| 0 spa d |
| 020 ## - INTERNATIONAL STANDARD BOOK NUMBER | |
| Número Internacional Estándar del Libro | 9968954837 |
| 041 ## - IDIOMA | |
| Código de idioma del texto/pista de sonido o título separado | Español |
| 082 ## - CLASIFICACIÓN DECIMAL DEWEY | |
| Número de clasificación | 320.972.86 G192e |
| 100 ## - AUTOR PERSONAL | |
| Nombre de persona | Gamboa Escalante, Emilia María |
| 245 ## - TÍTULO PROPIAMENTE DICHO | |
| Título | Educación cívica 10 |
| 260 ## - PIE DE IMPRENTA | |
| Lugar de publicación, distribución, etc. | Costa Rica |
| 260 ## - PIE DE IMPRENTA | |
| Nombre del editor, distribuidor, etc. | Bis Costa Rica |
| 260 ## - PIE DE IMPRENTA | |
| Fecha de publicación, distribución, etc. | 2007 |
| 300 ## - DESCRIPCIÓN FÍSICA | |
| Extensión | 144 páginas |
| 650 ## - Materia General | |
| Materia general | COSTA RICA |
| 650 ## - Materia General | |
| Materia general | EDUCACIÓN CÍVICA |
| 650 ## - Materia General | |
| Materia general | ENSEÑANZA |
| 650 ## - Materia General | |
| Materia general | CIUDADANÍA |
| 942 ## - Punto de Acceso Adicional Koha | |
| Tipo de ítem Koha | Libro |
| Estado perdido | Estado dañado | No para préstamo | Biblioteca permanente | Biblioteca actual | Signatura completa | Código de barras | Precio efectivo a partir del | Tipo de ítem |
|---|---|---|---|---|---|---|---|---|
| Departamento de Biblioteca y Documentación Alfonso Chase Brenes | Departamento de Biblioteca y Documentación Alfonso Chase Brenes | 320.972.86 G192e | 16648 | 25/08/2016 | Libro |